ARRUPE JESUIT UNIVERSITY

CORONAVIRUS -STOP THE SPREAD - CLEAN,DISINFECT,COVER

Education, values and science (Record no. 120373)

MARC details
000 -LEADER
fixed length control field 00402nam a22001337a 4500
008 - FIXED-LENGTH DATA ELEMENTS--GENERAL INFORMATION
fixed length control field 140403b xxu||||| |||| 00| 0 eng d
050 ## - LIBRARY OF CONGRESS CALL NUMBER
Classification number LB1585
Item number .M629
100 ## - MAIN ENTRY--PERSONAL NAME
Personal name Midgley, Mary
9 (RLIN) 9747
245 ## - TITLE STATEMENT
Title Education, values and science
Remainder of title The Victor Cook Memorial Lectures
260 ## - PUBLICATION, DISTRIBUTION, ETC. (IMPRINT)
Name of publisher, distributor, etc University of St Andrews
Date of publication, distribution, etc 1999
300 ## - PHYSICAL DESCRIPTION
Extent 58p.
Other physical details 21cm.
700 ## - ADDED ENTRY--PERSONAL NAME
Personal name Appleyard, Bryan
9 (RLIN) 9748
942 ## - ADDED ENTRY ELEMENTS (KOHA)
Source of classification or shelving scheme Library of Congress Classification
Item type Monograph ( Printed materials)
Holdings
Withdrawn status Lost status Source of classification or shelving scheme Damaged status Not for loan Home library Current library Shelving location Date acquired Total Checkouts Full call number Barcode Date last seen Price effective from Koha item type
    Library of Congress Classification     ARRUPE LIBRARY ARRUPE LIBRARY Main Collection 03/04/2014   LB1585 .M629 46500001753 28/06/2018 03/04/2014 Monograph ( Printed materials)

 

Arrupe Library. PO Box MP320 Mt Pleasant, Harare, Zimbabwe
263 242 745411|librarian@aju.ac.zw